Passing psychometric tests : know what to expect and get the job you want (Record no. 406184)

MARC details
000 -LEADER
fixed length control field 00341nam a2200097Ia 4500
082 ## - DEWEY DECIMAL CLASSIFICATION NUMBER
Classification number 153.94 SHAV
008 - FIXED-LENGTH DATA ELEMENTS--GENERAL INFORMATION
fixed length control field 210817s9999 xx 000 0 und d
100 ## - MAIN ENTRY--PERSONAL NAME
Personal name SHAVICK, Andrea Oxford, 2002 - 2003 1st ed., repr. & rev
9 (RLIN) 96560
245 #0 - TITLE STATEMENT
Title Passing psychometric tests : know what to expect and get the job you want
942 ## - ADDED ENTRY ELEMENTS
item type Books

No items available.